Management and Cost Accounting : Students Manual (Record no. 633)
[ view plain ]
| 000 -LEADER | |
|---|---|
| Fixed length control field | 00489nam a2200181 4500 |
| 003 - CONTROL NUMBER IDENTIFIER | |
| Control field | SEACOMMC |
| 005 - DATE AND TIME OF LATEST TRANSACTION | |
| Control field | 20250421152907.0 |
| 008 - FIXED-LENGTH DATA ELEMENTS--GENERAL INFORMATION | |
| Fixed length control field | 241005b |||||||| |||| 00| 0 eng d |
| 020 ## - INTERNATIONAL STANDARD BOOK NUMBER / ISBN | |
| International Standard Book Number | 978-81-315-2547-0 |
| Price | Rs. 671.00 |
| 040 ## - CATALOGING SOURCE | |
| Original cataloging agency | SEACOMMC |
| 082 ## - DEWEY DECIMAL CLASSIFICATION NUMBER | |
| Classification number | 657.42 |
| Book Number | D 796 |
| 100 ## - MAIN ENTRY--PERSONAL NAME | |
| Personal name | Drury, Colin |
| 245 1# - TITLE STATEMENT | |
| Title | Management and Cost Accounting : Students Manual |
| Statement of responsibility | Colin Drury |
| 250 ## - EDITION STATEMENT | |
| Edition statement | 6th ed. |
| 260 ## - IMPRINT | |
| Place of publication | Asutralia |
| Name of publisher | Thomson |
| Date of publication | 2004 |
| 650 ## - SUBJECT ADDED ENTRY--TOPICAL TERM | |
| Topical term | Managerial Accounting |
| 942 ## - ADDED ENTRY ELEMENTS (KOHA) | |
| Koha item type | Books |
| Withdrawn status | Lost status | Source of classification | Damaged status | Not for loan | Home library | Current library | Shelving location | Date acquired | Total Checkouts | Call number | Accession number | Date last seen | Price effective from | Koha item type | Copy number |
|---|---|---|---|---|---|---|---|---|---|---|---|---|---|---|---|
| Dewey Decimal Classification | SEACOM MANAGEMENT COLLEGE | SEACOM MANAGEMENT COLLEGE | Reference | 06/10/2007 | 657.42 D 796 | M-421 | 05/10/2024 | 05/10/2024 | Reference Books | ||||||
| Dewey Decimal Classification | SEACOM MANAGEMENT COLLEGE | SEACOM MANAGEMENT COLLEGE | 06/10/2007 | 657.42 D 796 | M-422 | 05/10/2024 | 05/10/2024 | Books | 1 | ||||||
| Dewey Decimal Classification | SEACOM MANAGEMENT COLLEGE | SEACOM MANAGEMENT COLLEGE | 06/10/2007 | 657.42 D 796 | M-423 | 05/10/2024 | 05/10/2024 | Books | 2 | ||||||
| Dewey Decimal Classification | SEACOM MANAGEMENT COLLEGE | SEACOM MANAGEMENT COLLEGE | 26/12/2007 | 657.42 D 796 | M-1573 | 09/01/2025 | 09/01/2025 | Books | 3 | ||||||
| Dewey Decimal Classification | SEACOM MANAGEMENT COLLEGE | SEACOM MANAGEMENT COLLEGE | 26/12/2007 | 657.42 D 796 | M-1574 | 09/01/2025 | 09/01/2025 | Books | 4 | ||||||
| Dewey Decimal Classification | SEACOM MANAGEMENT COLLEGE | SEACOM MANAGEMENT COLLEGE | 26/12/2007 | 657.42 D 796 | M-1575 | 09/01/2025 | 09/01/2025 | Books | 5 | ||||||
| Dewey Decimal Classification | SEACOM MANAGEMENT COLLEGE | SEACOM MANAGEMENT COLLEGE | 26/12/2007 | 657.42 D 796 | M-1576 | 09/01/2025 | 09/01/2025 | Books | 6 | ||||||
| Dewey Decimal Classification | SEACOM MANAGEMENT COLLEGE | SEACOM MANAGEMENT COLLEGE | 26/12/2007 | 657.42 D 796 | M-1577 | 09/01/2025 | 09/01/2025 | Books | 7 |
